The dog rules / (Record no. 4228)

MARC details
000 -LEADER
fixed length control field 00994cam a22003137a 4500
001 - CONTROL NUMBER
control field 4228
003 - CONTROL NUMBER IDENTIFIER
control field FISKH
005 - DATE AND TIME OF LATEST TRANSACTION
control field 20260226155649.0
008 - FIXED-LENGTH DATA ELEMENTS--GENERAL INFORMATION
fixed length control field 110423s2011 nyua 000 1 eng
010 ## - LIBRARY OF CONGRESS CONTROL NUMBER
LC control number 2011288771
020 ## - INTERNATIONAL STANDARD BOOK NUMBER
International Standard Book Number 9780545282611 (pbk.)
020 ## - INTERNATIONAL STANDARD BOOK NUMBER
International Standard Book Number 0545282616
040 ## - CATALOGING SOURCE
Original cataloging agency DLC
Transcribing agency DLC
Modifying agency DLC
Language of cataloging eng
050 ## - LIBRARY OF CONGRESS CALL NUMBER
Classification number PZ7.L3258
082 ## - DEWEY DECIMAL CLASSIFICATION NUMBER
Classification number 808.39
100 1# - MAIN ENTRY--PERSONAL NAME
Personal name La Rue, Coco.
245 04 - TITLE STATEMENT
Title The dog rules /
Statement of responsibility, etc. by Coco LaRue ; illustrated by Kyla May.
260 ## - PUBLICATION, DISTRIBUTION, ETC.
Place of publication, distribution, etc. New York :
Name of publisher, distributor, etc. Scholastic,
Date of publication, distribution, etc. 2011.
300 ## - PHYSICAL DESCRIPTION
Extent 128 pages :
Other physical details illustrations ;
Dimensions 20 cm
505 ## - FORMATTED CONTENTS NOTE
Formatted contents note N<br/>
520 ## - SUMMARY, ETC.
Summary, etc. He's an energetic pup who gets into trouble like it's his full-time job. His house has lots of rules and sometimes he has trouble following them.
521 ## - TARGET AUDIENCE NOTE
Target audience note 580<br/>
Source Lexile<br/>
521 ## - TARGET AUDIENCE NOTE
Target audience note N<br/>
Source Raz-Plus<br/>
650 ## - SUBJECT ADDED ENTRY--TOPICAL TERM
Topical term or geographic name entry element Animals
Form subdivision Dogs
General subdivision Pets
Chronological subdivision Humor
700 1# - ADDED ENTRY--PERSONAL NAME
Personal name May, Kyla,
Relator term illustrator
906 ## - LOCAL DATA ELEMENT F, LDF (RLIN)
a 7
b cbc
c origres
d 4
e ncip
f 20
g y-gencatlg
942 ## - ADDED ENTRY ELEMENTS (KOHA)
Source of classification or shelving scheme Dewey Decimal Classification
Koha item type Books
Suppress in OPAC No
Holdings
Withdrawn status Lost status Source of classification or shelving scheme Damaged status Not for loan Collection Home library Current library Shelving location Date acquired Total Checkouts Full call number Barcode Date due Date last seen Date last checked out Copy number Price effective from Koha item type
    Dewey Decimal Classification     Juvenile Fiction Footprints International School Library Network Toul Kork Campus Footprints International School Library Network Toul Kork Campus TK Primary Library Room(4th Floor), Bookcase 3&4, Shelves 17-32, Yellow Books 07/05/2024 1 LAR 808.39 PZ7.L3258 FISTK00335 04/03/2026 03/20/2026 03/20/2026 1 07/05/2024 Books
    Dewey Decimal Classification     Juvenile Fiction Footprints International School Library Network Toul Tom Poung Campus Footprints International School Library Network Toul Tom Poung Campus TTP Primary Yellow Bookshelves 02/26/2026   LAR 808.39 PZ7.L3258 FISBK00551   02/26/2026   2 02/26/2026 Books